<?xml version="1.0" encoding="UTF-8"?><?xml-stylesheet type="text/xsl" href="static/style.xsl"?><OAI-PMH xmlns="http://www.openarchives.org/OAI/2.0/" xmlns:xsi="http://www.w3.org/2001/XMLSchema-instance" xsi:schemaLocation="http://www.openarchives.org/OAI/2.0/ http://www.openarchives.org/OAI/2.0/OAI-PMH.xsd"><responseDate>2026-04-26T20:22:12Z</responseDate><request verb="GetRecord" identifier="oai:uvadoc.uva.es:10324/69413" metadataPrefix="marc">https://uvadoc.uva.es/oai/request</request><GetRecord><record><header><identifier>oai:uvadoc.uva.es:10324/69413</identifier><datestamp>2024-08-23T08:53:06Z</datestamp><setSpec>com_10324_38</setSpec><setSpec>col_10324_852</setSpec></header><metadata><record xmlns="http://www.loc.gov/MARC21/slim" xmlns:doc="http://www.lyncode.com/xoai" xmlns:xsi="http://www.w3.org/2001/XMLSchema-instance" xmlns:dcterms="http://purl.org/dc/terms/" xsi:schemaLocation="http://www.loc.gov/MARC21/slim http://www.loc.gov/standards/marcxml/schema/MARC21slim.xsd">
<leader>00925njm 22002777a 4500</leader>
<datafield tag="042" ind1=" " ind2=" ">
<subfield code="a">dc</subfield>
</datafield>
<datafield tag="720" ind1=" " ind2=" ">
<subfield code="a">Iniesta Hernández, Silvia</subfield>
<subfield code="e">author</subfield>
</datafield>
<datafield tag="260" ind1=" " ind2=" ">
<subfield code="c">2024</subfield>
</datafield>
<datafield tag="520" ind1=" " ind2=" ">
<subfield code="a">La demencia es considerada un desafío creciente en el ámbito de la salud, dado que afecta a las facultades cognitivas de la persona que lo padece, deteriorando las mismas de forma progresiva e irreversible. El cuadro sintomatológico es amplio y puede variar en función del tipo de demencia, el estadio en el que se encuentra, y otros factores que afectan al paciente.&#xd;
Por otra parte, la música es una útil herramienta en el tratamiento de la demencia, pues se ha visto que la realización de actividades musicales, especialmente cuando se dan en un contexto grupal, favorece la activación, mantenimiento e incluso la mejora áreas afectadas en la demencia, tales como la memoria, las emociones o el lenguaje. La actividad musical más completa y que se desarrolla de forma conjunta es el canto colectivo, por lo que este trabajo de fin de grado, se centrará en el uso de esta técnica como herramienta en la planificación de una intervención logopédica par apacientes con demencia de estadio leve o moderada.&#xd;
En definitiva, este trabajo concluye en la importancia de dar enfocar la intervención desde un plano holístico e integral, utilizando herramientas que motiven a los pacientes y favorezcan los objetivos del tratamiento.</subfield>
</datafield>
<datafield tag="024" ind2=" " ind1="8">
<subfield code="a">https://uvadoc.uva.es/handle/10324/69413</subfield>
</datafield>
<datafield ind1=" " ind2=" " tag="653">
<subfield code="a">Demencia</subfield>
</datafield>
<datafield ind1=" " ind2=" " tag="653">
<subfield code="a">Música - Efectos fisiológicos</subfield>
</datafield>
<datafield tag="245" ind1="0" ind2="0">
<subfield code="a">Intervención logopédica en demencias a través del canto colectivo y otras técnicas musicales</subfield>
</datafield>
</record></metadata></record></GetRecord></OAI-PMH>